00642nam a2200193Ia 4500008004100000020001800041082001200059100002200071245004400093250000700137260006000144300002300204500001900227600003300246650001600279942000700295952012900302999001700431240925s9999 xx 000 0 und d a9788122432046 a518 DUK aDukkipati, Rao V. 0aApplied Numerical Methods: Using MATLAB aNA aNew Delhi:bNew Age International (Pvt) Limitedc,2011. a472p.b0fOriginal aIncludes Index aHumanities & Natural Science aMathematics cBK 001040708ETaUITUbUITUd2019-01-22eAllied Book Companyg728.00l0o518 DUKpQ14116r2024-09-25 07:17:10w2024-09-25yBK c16615d16615